书目信息 |
| 题名: |
生态系统健康与生态产业建设
|
|
| 作者: | 朱圣潮 , 柳新红 , 唐建军 编著 | |
| 分册: | ||
| 出版信息: | 北京 气象出版社 2007.06 |
|
| 页数: | 330页 | |
| 开本: | 26cm | |
| 丛书名: | ||
| 单 册: | ||
| 中图分类: | X321.255-53 | |
| 科图分类: | ||
| 主题词: | 生态环境--sheng tai huan jing--可持续发展--浙江省--文集 | |
| 电子资源: | ||
| ISBN: | 978-7-5029-4293-9 | |
| 000 | 01021nam0 2200265 450 | |
| 001 | 012007815345 | |
| 005 | 20071106101242.65 | |
| 010 | @a978-7-5029-4293-9@dCNY65.00 | |
| 100 | @a20070924d2007 km y0chiy0120 ea | |
| 101 | 0 | @achi |
| 102 | @aCN@b110000 | |
| 105 | @ak a 000yy | |
| 106 | @ar | |
| 200 | 1 | @a生态系统健康与生态产业建设@Asheng tai xi tong jian kang yu sheng tai chan ye jian she@f朱圣潮, 柳新红, 唐建军编著@Fzhu sheng chao,liu xin hong,tang jian jun bian zhu |
| 210 | @a北京@c气象出版社@d2007.06 | |
| 215 | @a330页@d26cm | |
| 320 | @a有书目 (第330页)。 | |
| 330 | @a本书收录国内外生态科技工作者精心撰写论文70多篇,内容涉及生物多样性及其生态学功能、濒危物种保护、外来物种入侵、受损生态系统修复等。 | |
| 606 | 0 | @a生态环境@Asheng tai huan jing@x可持续发展@y浙江省@j文集 |
| 690 | @aX321.255-53@v4 | |
| 701 | 0 | @a朱圣潮@Azhu sheng chao@4编著 |
| 701 | 0 | @a柳新红@Aliu xin hong@4编著 |
| 701 | 0 | @a唐建军@Atang jian jun@4编著 |
| 801 | 0 | @aCN@b@c20071106 |
| 905 | @b263329-31@dX321.255-53@eZ870@f3 | |
| 生态系统健康与生态产业建设/朱圣潮, 柳新红, 唐建军编著.-北京:气象出版社,2007.06 |
| 330页;26cm |
| ISBN 978-7-5029-4293-9:CNY65.00 |
| 本书收录国内外生态科技工作者精心撰写论文70多篇,内容涉及生物多样性及其生态学功能、濒危物种保护、外来物种入侵、受损生态系统修复等。 |
| ● |
| 相关链接 |
|
|
|
正题名:生态系统健康与生态产业建设
索取号:X321.255-53/Z870
 
预约/预借
| 序号 | 登录号 | 条形码 | 馆藏地/架位号 | 状态 | 备注 |
| 1 | 263329 | 202633294 | 自科库501/501自科库 66排3列3层/ [索取号:X321.255-53/Z870] | 在馆 | |
| 2 | 263330 | 202633301 | 自科二线400A/400A自科库 25排1列2层/ [索取号:X321.255-53/Z870] | 在馆 | |
| 3 | 263331 | 202633310 | 自科库501/501自科库 66排3列3层/ [索取号:X321.255-53/Z870] | 在馆 |